Бесконтактные электронные универсальные автоматические регуляторы общепромышленного назначения

Dades bibliogràfiques
Autor corporatiu: СССР Государственный комитет по приборостроению, средствам автоматизации и системам управления
Altres autors: Грузова И. С. (редактор)
Idioma:rus
Publicat: Москва, ВНИИЭМ, 1964
Matèries:
Format: MixedMaterials Llibre
KOHA link:https://koha.lib.tpu.ru/cgi-bin/koha/opac-detail.pl?biblionumber=334319

MARC

LEADER 00000nam0a2200000 4500
001 334319
005 20231102004637.0
035 |a (RuTPU)RU\TPU\book\360384 
090 |a 334319 
100 |a 20170720d1964 k y0rusy50 ca 
101 0 |a rus 
102 |a RU 
105 |a a z 001zy 
200 1 |a Бесконтактные электронные универсальные автоматические регуляторы общепромышленного назначения  |f СССР, Государственный комитет по приборостроению, средствам автоматизации и системам управления ; под ред. И. С. Грузовой 
210 |a Москва  |c ВНИИЭМ  |c ОНТИПРИБОР  |d 1964 
215 |a 179 с.  |c ил. 
320 |a Библиогр.: с. 151-152 
606 1 |a Регуляторы электронные, бесконтактные  |2 stltpush  |3 (RuTPU)RU\TPU\subj\24203  |9 48618 
610 1 |a автоматические регуляторы 
610 1 |a УСАКР-1 
610 1 |a передаточные функции 
610 1 |a качество 
675 |a 681.515  |v 4 
702 1 |a Грузова  |b И. С.  |4 340 
712 0 1 |a СССР  |b Государственный комитет по приборостроению, средствам автоматизации и системам управления  |2 stltpush  |3 (RuTPU)RU\TPU\col\3041  |9 23760 
801 1 |a RU  |b 63413507  |c 20170720 
801 2 |a RU  |b 63413507  |c 20201124  |g RCR 
942 |c BK